Premier League Appearances by Nationality: New Zealand - Statistics

General Stats
  • This quiz has been taken 11 times
  • The average score is 2 of 5
Answer Stats
Appearances Player % Correct
271 Chris Wood
100%
166 Winston Reid
30%
198 Ryan Nelsen
20%
4 Danny Hay
0%
12 Simon Elliott
0%
No matching quizzes found
Score Distribution
Percent of People with Each Score
Percentile by Number Answered
Your Score History
You have not taken this quiz